000 00657nam a22001937a 4500
005 20220803161134.0
008 220803b ||||| |||| 00| 0 eng d
040 _cAloy
041 _ahin
082 _223
_a923H
_bMODS
100 _aChandrakant Modi: चंद्रकानत मोदी
_954718
245 _aSumi aur chand: सुमी और चांद
260 _aNayi Dilli
_bSamajvadi Shiksha Samsthan
_c1998
300 _a124p.
_bHB
_c22x14cm.
365 _2Hindi
650 _aBiography: जीवन चरित्र
_954719
700 _aMODI (Chandrkanth): मोदी (चंद्रकानत)
_954720
942 _2ddc
_cGF
999 _c224434
_d224434